00480nam a2200157Ia 4500003000900000008004100009020001800050040001600068080001600084100001900100245009200119260003400211300001500245650004100260650002100301IN-BaIIA211028s9999 xx 000 0 eng d a0-85274-375-0 cIIA Library a523.98bDUR aDurrant, C. J. 4aThe atmosphere of the suncC. J. Durrant  aBristolbIOP Publishingc1988 axiii,168p. aAstronomy and Astrophysics Thesaurus aSolar Atmosphere